[Event "Hastings Masters 2016-17"]
[Site "Hastings ENG"]
[Date "2017.01.03"]
[Round "7.39"]
[White "Wilson, Matthew R"]
[Black "Norinkeviciute, Rasa"]
[Result "0-1"]
[BlackTitle "WFM"]
[WhiteElo "1791"]
[BlackElo "1994"]
[WhiteFideId "423459"]
[BlackFideId "12801925"]
[EventDate "2016.12.28"]

1. e4 c5 2. Nc3 d6 3. f4 g6 4. Nf3 Bg7 5. Bb5+ Bd7 6. Bc4 Nc6 7. O-O Na5 8. Be2
Nf6 9. d3 O-O 10. Qe1 Bg4 11. Qh4 Nc6 12. f5 Bxf3 13. Rxf3 Nd4 14. Rh3 Nxe2+ 15.
Nxe2 Qb6 16. Nf4 Rfc8 17. Nd5 Nxd5 18. Qxh7+ Kf8 19. Bh6 Ke8 20. Qxg7 c4+ 21.
Kh1 Nf6 22. fxg6 fxg6 23. Qxg6+ Kd7 24. dxc4 Qxb2 25. Rf1 Qxc2 26. Qf5+ Kd8 27.
Bg5 Qxe4 28. Bxf6 Qxf5 29. Bxe7+ Kxe7 30. Rxf5 Rxc4 31. Re3+ Kd7 32. Rf7+ Kc6
33. h3 b5 34. Ree7 a5 35. Rh7 Rc8 36. Ra7 Ra4 37. Ra6+ Kc5 38. h4 Rxa2 39. h5
Rg8 40. h6 Rgxg2 41. Rc7+ Kd5 42. h7 Rgb2 43. Rac6 Rh2+ 44. Kg1 Rxh7 45. Rxd6+
Kxd6 46. Rxh7 Re2 0-1

[Event "Hastings Masters 2016-17"]
[Site "Hastings ENG"]
[Date "2017.01.03"]
[Round "7.41"]
[White "Macrae, James S"]
[Black "Miller, Dominic"]
[Result "0-1"]
[WhiteElo "1642"]
[BlackElo "1954"]
[WhiteFideId "2401797"]
[BlackFideId "438065"]
[EventDate "2016.12.28"]

1. d4 d5 2. c4 c6 3. Nc3 Nf6 4. Nf3 e6 5. Bg5 h6 6. Bh4 dxc4 7. a4 Bb4 8. e3 b5
9. Be2 Bb7 10. O-O Bxc3 11. bxc3 a6 12. Qb1 Qc8 13. Qb4 Nbd7 14. Bg3 Ne4 15. Bf4
Ndf6 16. Qa3 Nd5 17. Rfc1 Nexc3 18. Bf1 Nxf4 19. exf4 Nd5 20. f5 b4 21. Qa2 c3
22. fxe6 fxe6 23. Ne5 O-O 24. Bc4 a5 25. Re1 c5 26. Rad1 cxd4 27. Rxd4 Qc5 28.
Rde4 Rad8 29. Rh4 Rf6 30. Qc2 Rd6 31. Bb5 b3 32. Qxb3 c2 33. Rc4 Qxf2+ 0-1

[Event "Hastings Masters 2016-17"]
[Site "Hastings ENG"]
[Date "2017.01.03"]
[Round "7.46"]
[White "Batchelor, Guy J"]
[Black "Kearsley, Raymond J"]
[Result "1-0"]
[WhiteElo "1942"]
[BlackElo "1718"]
[WhiteFideId "423106"]
[BlackFideId "470562"]
[EventDate "2016.12.28"]

1. b3 d5 2. Bb2 Bf5 3. Nf3 e6 4. e3 Nf6 5. Nc3 Be7 6. h3 O-O 7. Nh4 Bg6 8. Nxg6
hxg6 9. Be2 c5 10. Bf3 Nc6 11. d4 Rc8 12. O-O cxd4 13. exd4 Bb4 14. a3 Ba5 15.
b4 Bc7 16. g3 Ne7 17. Qd3 Nf5 18. Ne2 Nd6 19. Rad1 Nc4 20. Bc1 Re8 21. Qb3 Bb8
22. Nf4 Nd6 23. Rd3 Qc7 24. Bd1 Nfe4 25. Ne2 Nb5 26. Bb2 Qd7 27. Kg2 Rc6 28. a4
Nbd6 29. f3 Nf6 30. Bc1 Nc4 31. Ng1 Rec8 32. b5 Rb6 33. Ne2 a6 34. Nc3 axb5 35.
axb5 Nh5 36. f4 Nf6 37. Bf3 Nd6 38. Ba3 Rxc3 39. Qxc3 Nde4 40. Qe1 Qc7 41. Bd1
Rxb5 42. Rb3 Rxb3 43. cxb3 Nc3 44. Rf3 Nfe4 45. Bb2 Nb5 46. Qe2 Qd7 47. Bc2 Nf6
48. Bd3 Nd6 49. Qc2 Ba7 50. Rf1 Nf5 51. Bxf5 gxf5 52. Ra1 Bb6 53. Qd3 g6 54. Ba3
Ne4 55. Rc1 Kh7 56. h4 Bd8 57. Qe2 Bf6 58. Qd1 Qb5 59. h5 Qa5 60. hxg6+ Kxg6 61.
Bb2 Qa2 62. Qc2 Qa6 63. Rh1 Qb6 64. Qe2 Kg7 65. Qh5 Kf8 66. Qd1 Kg7 67. Qc2 Qb4
68. Qd3 Qb6 69. Ra1 Qb4 70. Qd1 b5 71. Ra8 Nd2 72. Qh5 1-0

[Event "Hastings Masters 2016-17"]
[Site "Hastings ENG"]
[Date "2017.01.05"]
[Round "9.1"]
[White "Sengupta, Deep"]
[Black "Karthikeyan, Murali"]
[Result "1-0"]
[WhiteTitle "GM"]
[BlackTitle "GM"]
[WhiteElo "2575"]
[BlackElo "2530"]
[WhiteFideId "5008352"]
[BlackFideId "5074452"]
[EventDate "2016.12.28"]

1. d4 d5 2. c4 e6 3. Nf3 Nf6 4. g3 Be7 5. Bg2 O-O 6. O-O dxc4 7. Ne5 c5 8. dxc5
Qc7 9. Nxc4 Qxc5 10. b3 Rd8 11. Qe1 Qh5 12. Ba3 Nc6 13. Bxc6 Ng4 14. h4 Bxa3 15.
Nbxa3 bxc6 16. Rd1 Ba6 17. Qb4 Rd5 18. f3 Nf6 19. Kf2 h6 20. Ne3 Re5 21. Nac4
Nd5 22. Nxd5 Rxd5 23. Ne3 Rdd8 24. Rxd8+ Rxd8 25. Rc1 Rc8 26. Rc5 Qg6 27. Qa5
Bxe2 28. Kxe2 Qxg3 29. Qe1 Qd6 30. Rc1 c5 31. Nc4 Qf4 32. Rd1 e5 33. Rd3 Re8 34.
Nd2 a5 35. Kd1 Qb4 36. Qe4 Qa3 37. Qa4 Qxa4 38. bxa4 Rb8 39. Rb3 Rd8 40. Rb5 Rd4
41. Rxa5 Rxh4 42. Ne4 Rh2 43. Nc3 h5 44. Rxc5 h4 45. a5 h3 46. Rxe5 Rh1+ 47. Kc2
g6 48. a6 h2 49. a7 Rc1+ 50. Kxc1 h1=Q+ 51. Kc2 1-0

[Event "Hastings Masters 2016-17"]
[Site "Hastings ENG"]
[Date "2017.01.05"]
[Round "9.2"]
[White "Sethuraman, S.P."]
[Black "Galyas, Miklos"]
[Result "0-1"]
[WhiteTitle "GM"]
[BlackTitle "IM"]
[WhiteElo "2647"]
[BlackElo "2473"]
[WhiteFideId "5021596"]
[BlackFideId "707244"]
[EventDate "2016.12.28"]

1. e4 d5 2. exd5 Qxd5 3. Nc3 Qd6 4. d4 Nf6 5. Nf3 c6 6. h3 Bf5 7. Ne5 Nbd7 8.
Nc4 Qe6+ 9. Be2 Nb6 10. Ne5 Rd8 11. Bf4 Nfd5 12. Bh2 Nb4 13. Rc1 f6 14. Nf3 Nxa2
15. Ra1 Nxc3 16. bxc3 g6 17. O-O Bh6 18. Rxa7 Nd5 19. Bc4 Qc8 20. Nh4 Be6 21.
Qe1 O-O 22. Bb3 Rfe8 23. c4 Nf4 24. Bxf4 Bxf4 25. Qc3 g5 26. Nf3 Bxh3 27. c5+
Be6 28. Re1 Bd5 29. Rb1 g4 30. Ne1 Qf5 31. Nd3 g3 32. Qe1 Qg5 33. Qe4 gxf2+ 34.
Kf1 Bg3 35. Rxb7 Qg6 36. Qe3 Kf8 37. Bxd5 Rxd5 38. R7b3 Rf5 39. Ne5 Qh5 40. Nf3
Qh1+ 41. Ke2 f1=Q+ 42. Rxf1 Qxg2+ 43. Rf2 Bxf2 44. Qxf2 Qxf2+ 45. Kxf2 e5 0-1

[Event "Hastings Masters 2016-17"]
[Site "Hastings ENG"]
[Date "2017.01.05"]
[Round "9.3"]
[White "Praggnanandhaa, R"]
[Black "Rasmussen, Allan Stig"]
[Result "1-0"]
[WhiteTitle "IM"]
[BlackTitle "GM"]
[WhiteElo "2452"]
[BlackElo "2502"]
[WhiteFideId "25059530"]
[BlackFideId "1406000"]
[EventDate "2016.12.28"]

1. Nf3 d5 2. g3 Nf6 3. Bg2 Bf5 4. O-O e6 5. d3 h6 6. Nbd2 Be7 7. b3 O-O 8. Bb2
a5 9. a3 c5 10. a4 Nc6 11. Re1 Bh7 12. e4 Re8 13. Qe2 Nb4 14. Rac1 Nd7 15. h4
Qb8 16. Nh2 d4 17. e5 Ra6 18. Nc4 b5 19. axb5 Qxb5 20. Ra1 a4 21. bxa4 Rxa4 22.
Nf1 Nb6 23. Na3 Qd7 24. Reb1 c4 25. Nxc4 Nxc4 26. dxc4 Rxa1 27. Bxa1 Nxc2 28.
Rb7 Qc8 29. Bb2 d3 30. Qf3 Kf8 31. Qf4 Bf5 32. g4 g5 33. hxg5 Bxg5 34. Qh2 Bxg4
35. f4 Qc5+ 36. Kh1 Qf2 37. fxg5 Ne1 38. Ba3+ Kg8 39. Rb2 Be2 40. gxh6 Nc2 41.
h7+ Kg7 42. Be7 Bf3 43. Bf6+ Kg6 44. Bxf3 1-0

[Event "Hastings Masters 2016-17"]
[Site "Hastings ENG"]
[Date "2017.01.05"]
[Round "9.4"]
[White "Kjartansson, Gudmundur"]
[Black "Das, Arghyadip"]
[Result "0-1"]
[WhiteTitle "IM"]
[BlackTitle "IM"]
[WhiteElo "2468"]
[BlackElo "2399"]
[WhiteFideId "2301318"]
[BlackFideId "5003610"]
[EventDate "2016.12.28"]

1. c4 Nf6 2. Nc3 e5 3. Nf3 Nc6 4. g3 d5 5. cxd5 Nxd5 6. Bg2 Nb6 7. O-O Be7 8.
Rb1 g5 9. d3 g4 10. Nd2 Be6 11. b4 h5 12. b5 Na5 13. Qc2 a6 14. Bb2 f6 15. a4 h4
16. Nce4 hxg3 17. hxg3 Nd5 18. Rfc1 axb5 19. axb5 b6 20. Nc3 Nb4 21. Qd1 Na2 22.
Nxa2 Bxa2 23. Qa4 Bxb1 24. Rxb1 Rg8 25. Qe4 Ra7 26. d4 Kf8 27. dxe5 Qxd2 28.
exf6 Bc5 29. Bc1 Qe1+ 30. Kh2 Rh8+ 0-1

[Event "Hastings Masters 2016-17"]
[Site "Hastings ENG"]
[Date "2017.01.05"]
[Round "9.5"]
[White "Lalic, Bogdan"]
[Black "Maisuradze, Nino"]
[Result "1-0"]
[WhiteTitle "GM"]
[BlackTitle "WGM"]
[WhiteElo "2443"]
[BlackElo "2231"]
[WhiteFideId "409081"]
[BlackFideId "13601717"]
[EventDate "2016.12.28"]

1. d4 Nf6 2. c4 e6 3. Nc3 d5 4. cxd5 exd5 5. Bg5 c6 6. Qc2 Be7 7. e3 O-O 8. Bd3
Nbd7 9. Nf3 Re8 10. h3 Nf8 11. Bf4 Ng6 12. Bh2 Bd6 13. Bxd6 Qxd6 14. O-O-O b5
15. Kb1 Be6 16. g4 a5 17. g5 Nd7 18. Rdg1 Rec8 19. h4 Ngf8 20. h5 a4 21. g6 fxg6
22. Ng5 b4 23. Nxa4 c5 24. hxg6 h6 25. Nf7 Bxf7 26. gxf7+ Kxf7 27. Nxc5 Nxc5 28.
dxc5 Rxc5 29. Qe2 Qf6 30. Rg4 Ne6 31. Rxb4 g5 32. Qh5+ Kg7 33. Rb6 Rac8 34. Qh2
R5c6 35. Rxc6 Rxc6 36. f4 Rb6 37. a3 Rc6 38. Rf1 gxf4 39. Rg1+ Kf7 40. Qh5+ Ke7
41. Rg6 Qf7 42. Qxd5 Rd6 43. Qb7+ Rd7 44. Qb4+ Kd8 45. Rxh6 Rb7 46. Qd6+ 1-0

[Event "Hastings Masters 2016-17"]
[Site "Hastings ENG"]
[Date "2017.01.05"]
[Round "9.6"]
[White "Flear, Glenn C"]
[Black "Haria, Ravi"]
[Result "0-1"]
[WhiteTitle "GM"]
[BlackTitle "FM"]
[WhiteElo "2428"]
[BlackElo "2382"]
[WhiteFideId "400165"]
[BlackFideId "415820"]
[EventDate "2016.12.28"]

1. d4 e6 2. c4 d5 3. Nc3 c6 4. e3 Nd7 5. Bd3 dxc4 6. Bxc4 b5 7. Bd3 a6 8. a4 b4
9. Nb1 c5 10. Nf3 Ngf6 11. O-O Bd6 12. Nbd2 Bb7 13. Qe2 Bc7 14. Re1 O-O 15. h3
h6 16. Nb3 e5 17. Nxe5 Bxe5 18. dxe5 Nxe5 19. Bc2 Rc8 20. Rd1 Qe7 21. Bd2 Be4
22. Be1 Qe6 23. Nxc5 Rxc5 24. Bxe4 Nxe4 25. Bxb4 Rb8 26. Bxc5 Nxc5 27. a5 g6 28.
Ra3 Rb5 29. Rd8+ Kg7 30. Qd2 Qf6 31. Qc3 Qxd8 0-1

[Event "Hastings Masters 2016-17"]
[Site "Hastings ENG"]
[Date "2017.01.05"]
[Round "9.7"]
[White "Garriga Cazorla, Pere"]
[Black "Fier, Alexandr"]
[Result "0-1"]
[WhiteTitle "FM"]
[BlackTitle "GM"]
[WhiteElo "2386"]
[BlackElo "2590"]
[WhiteFideId "32011601"]
[BlackFideId "2107139"]
[EventDate "2016.12.28"]

1. Nf3 Nf6 2. c4 g6 3. g3 Bg7 4. Bg2 O-O 5. O-O d6 6. d4 Nc6 7. Nc3 Rb8 8. h3 a6
9. e4 b5 10. d5 b4 11. Ne2 Na5 12. Nfd4 c5 13. dxc6 e5 14. Nc2 Nxc4 15. Ne3 Na5
16. Qc2 Rb6 17. c7 Qd7 18. Bd2 Qb5 19. Qd1 Be6 20. Rc1 Rc8 21. Nd5 Bxd5 22. exd5
Rb7 23. Be3 Rbxc7 24. Rxc7 Rxc7 25. b3 Nb7 26. Qd2 Nc5 27. Rc1 a5 28. Rc4 Nfd7
29. Nc1 e4 30. Bxc5 Nxc5 31. Bxe4 Nxe4 32. Rxe4 Rc5 33. Qe3 Be5 34. Nd3 Rc3 35.
Rc4 Qxd5 36. Rxc3 bxc3 37. Kf1 Bd4 38. Qf4 g5 39. Qg4 h5 40. Qc8+ Kg7 41. Ne1
Qh1+ 42. Ke2 Qe4+ 43. Kf1 Bc5 44. Qd8 Qf5 0-1

[Event "Hastings Masters 2016-17"]
[Site "Hastings ENG"]
[Date "2017.01.05"]
[Round "9.8"]
[White "Siva, Mahadevan"]
[Black "Gledura, Benjamin"]
[Result "0-1"]
[WhiteTitle "IM"]
[BlackTitle "GM"]
[WhiteElo "2360"]
[BlackElo "2584"]
[WhiteFideId "25043153"]
[BlackFideId "712779"]
[EventDate "2016.12.28"]

1. e4 c6 2. Nc3 d5 3. Nf3 Bg4 4. d4 e6 5. Be2 Bb4 6. O-O Nd7 7. e5 Ne7 8. Nh4
Bxe2 9. Nxe2 Ng6 10. Nf3 O-O 11. c3 Be7 12. Ng3 c5 13. Re1 cxd4 14. cxd4 Nb8 15.
Bd2 Nc6 16. Qb3 Qb6 17. Qd3 Rac8 18. Bc3 Rc7 19. h4 Nxh4 20. Nxh4 Bxh4 21. Nh5
f5 22. exf6 Bxf6 23. Rad1 Re7 24. Nxf6+ Rxf6 25. Re3 Ref7 26. Rd2 Qc7 27. Rde2
Qf4 28. f3 Qd6 29. Be1 Rg6 30. Qd2 Rff6 31. Bh4 Rf5 32. g4 Rf8 33. Kg2 Qf4 34.
Bg3 Qxd4 35. Qe1 Qf6 36. Bd6 Rf7 37. Qf2 h5 38. Rxe6 Qxe6 39. Rxe6 Rxe6 40. Qc5
hxg4 41. fxg4 Rd7 42. Bf4 Re8 43. b4 a6 44. a4 Nd8 45. Bd6 Nf7 46. Bf4 Re4 47.
Kg3 Rc4 48. Qe3 Re4 49. Qc5 Re8 50. g5 g6 51. Be3 Kh7 52. Qb6 Nd6 53. Bd4 Nf5+
54. Kf2 Re4 55. Bc3 d4 56. Bd2 d3 57. Bc3 d2 58. Qf6 Rf4+ 0-1

[Event "Hastings Masters 2016-17"]
[Site "Hastings ENG"]
[Date "2017.01.05"]
[Round "9.9"]
[White "Gormally, Daniel W"]
[Black "Thybo, Jesper Sondergaard"]
[Result "1/2-1/2"]
[WhiteTitle "GM"]
[BlackTitle "FM"]
[WhiteElo "2493"]
[BlackElo "2352"]
[WhiteFideId "406465"]
[BlackFideId "1438832"]
[EventDate "2016.12.28"]

1. d4 Nf6 2. Nf3 g6 3. c4 Bg7 4. Nc3 d5 5. cxd5 Nxd5 6. e4 Nxc3 7. bxc3 c5 8.
Rb1 O-O 9. Be2 Nc6 10. d5 Ne5 11. Nxe5 Bxe5 12. Qc2 f5 13. f4 Bg7 14. Bf3 fxe4
15. Bxe4 Qd6 16. O-O b5 17. Be3 Bd7 18. c4 b4 19. Rf3 Bg4 20. Rg3 Rxf4 21. Bxf4
Qxf4 22. Rxg4 Qxg4 23. d6 Rf8 24. dxe7 Bd4+ 25. Kh1 Re8 26. Bd5+ Kg7 27. Re1 Qg5
28. Qe4 Bf6 29. Qe6 Rxe7 30. Qg8+ Kh6 31. Qf8+ Rg7 32. g3 Bd4 33. Rf1 Qe7 34.
Qf4+ Qg5 35. Qf8 Qe3 36. Kg2 Qe2+ 37. Kh1 Qe3 38. Kg2 Qe7 39. Qf4+ Qg5 40. Qf8
Qd2+ 41. Kh3 Qe2 42. Rf7 Qh5+ 43. Kg2 Qe2+ 44. Kh3 Qh5+ 45. Kg2 Qe2+ 1/2-1/2

[Event "Hastings Masters 2016-17"]
[Site "Hastings ENG"]
[Date "2017.01.05"]
[Round "9.10"]
[White "Player, Edmund C"]
[Black "Hebden, Mark L"]
[Result "1/2-1/2"]
[BlackTitle "GM"]
[WhiteElo "2239"]
[BlackElo "2492"]
[WhiteFideId "406520"]
[BlackFideId "400084"]
[EventDate "2016.12.28"]

1. e4 e5 2. Nf3 Nc6 3. Bc4 Nf6 4. d3 Be7 5. O-O O-O 6. Re1 d6 7. a4 Na5 8. Ba2
c5 9. c3 Nc6 10. Na3 h6 11. h3 Nh7 12. Nc4 Kh8 13. Ne3 Ng5 14. Nh2 Ne6 15. Nf5
Bg5 16. Bxe6 Bxe6 17. Bxg5 Qxg5 18. h4 Qd8 19. Qh5 Bxf5 20. exf5 f6 21. Re3 Ne7
22. Ng4 Qe8 23. Qxe8 Rfxe8 24. Rf3 d5 25. Ne3 d4 26. Nc4 Rad8 27. Nd2 Nd5 28. c4
Ne7 29. Ne4 b6 30. g4 Nc8 31. Re1 Rf8 32. h5 Nd6 33. Rg3 a6 34. Nxd6 Rxd6 35. f4
exf4 36. Rf3 b5 37. axb5 axb5 38. b3 bxc4 39. bxc4 Rb6 40. Rxf4 Rb3 41. Rf3 Ra8
42. Kg2 Kg8 43. Re6 Rb7 44. Rf2 Ra3 45. Rd2 Rc7 46. Kf3 Ra1 47. Rg2 Kf7 48. Ke4
Rd7 49. Re2 Rd1 50. Rb2 Re1+ 51. Kf4 Rxe6 52. fxe6+ Kxe6 53. Rb6+ Rd6 54. Rb7
Rd7 55. Rb6+ Rd6 56. Rb7 Rd7 57. Rb6+ 1/2-1/2

[Event "Hastings Masters 2016-17"]
[Site "Hastings ENG"]
[Date "2017.01.05"]
[Round "9.11"]
[White "Tan, Justin2"]
[Black "Ledger, Andrew J"]
[Result "1-0"]
[WhiteTitle "IM"]
[BlackTitle "IM"]
[WhiteElo "2451"]
[BlackElo "2377"]
[WhiteFideId "3206882"]
[BlackFideId "400610"]
[EventDate "2016.12.28"]

1. e4 c6 2. d4 d5 3. Nc3 dxe4 4. Nxe4 Bf5 5. Ng3 Bg6 6. h4 h6 7. Nf3 Nd7 8. h5
Bh7 9. Bd3 Bxd3 10. Qxd3 e6 11. Bd2 Ngf6 12. O-O-O Be7 13. Kb1 Qb6 14. c4 Rd8
15. Bf4 O-O 16. Qc2 Rfe8 17. Nf1 Ng4 18. Ne3 Nxe3 19. fxe3 Bf6 20. c5 Qb5 21. g4
e5 22. dxe5 Be7 23. e6 Nf8 24. exf7+ Kxf7 25. Nd4 Qxc5 26. Qb3+ Qd5 27. Nxc6
bxc6 28. Rxd5 cxd5 29. Rd1 Ne6 30. Rxd5 Bf6 31. Rxd8 Rxd8 32. Qb7+ Kg8 33. Qxa7
Rd2 1-0

[Event "Hastings Masters 2016-17"]
[Site "Hastings ENG"]
[Date "2017.01.05"]
[Round "9.12"]
[White "Hansen, Mads"]
[Black "Teh, Eu Wen Aron"]
[Result "1-0"]
[WhiteTitle "FM"]
[BlackTitle "FM"]
[WhiteElo "2452"]
[BlackElo "2279"]
[WhiteFideId "1401610"]
[BlackFideId "5704723"]
[EventDate "2016.12.28"]

1. Nf3 Nf6 2. c4 e6 3. g3 d5 4. Bg2 dxc4 5. Na3 Bxa3 6. bxa3 c6 7. Qc2 b5 8. a4
a6 9. Ba3 Nd5 10. O-O f6 11. Rfd1 Kf7 12. e4 Nb6 13. d3 Nxa4 14. dxc4 Qa5 15.
Rd3 b4 16. Bxb4 Qxb4 17. Rb1 Qa5 18. Ra3 e5 19. Rxa4 Qc7 20. c5 Be6 21. Bf1 a5
22. Nd2 Nd7 23. Ra3 Rhb8 24. Rd1 Rb4 25. Nc4 Kf8 26. Rc3 Rab8 27. a3 R4b5 28.
Nb6 R5xb6 29. cxb6 Rxb6 30. Qa4 Bg4 31. Rdc1 Qa7 32. Rxc6 Rb2 33. R6c2 Qb6 34.
Rxb2 Qxb2 35. Rc8+ Kf7 36. Qxa5 Qb1 37. Qb4 Qa1 38. Qc3 Qb1 39. Qc2 Qe1 40. Rc3
Nb6 41. Re3 1-0

[Event "Hastings Masters 2016-17"]
[Site "Hastings ENG"]
[Date "2017.01.05"]
[Round "9.13"]
[White "Cheng, Bobby"]
[Black "Kalavannan, Koby"]
[Result "1-0"]
[WhiteTitle "IM"]
[WhiteElo "2446"]
[BlackElo "2163"]
[WhiteFideId "4300033"]
[BlackFideId "425753"]
[EventDate "2016.12.28"]

1. b3 d5 2. Bb2 c5 3. e3 Nf6 4. Nf3 Nc6 5. Bb5 Qc7 6. Ne5 e6 7. f4 Bd6 8. O-O
O-O 9. Bxc6 bxc6 10. Rf3 Nd7 11. Rh3 f6 12. Nxd7 Qxd7 13. Qh5 g6 14. Qh4 e5 15.
Nc3 e4 16. Nd1 Qg7 17. g4 Rf7 18. g5 Bxh3 19. Qxh3 Qf8 20. gxf6 Rxf6 21. Nf2 Rf5
22. Kh1 h5 23. Rg1 Kf7 24. d3 Re8 25. dxe4 dxe4 26. Qg2 Re6 27. Nxe4 Be7 28. Ng3
Ke8 29. Nxf5 Qxf5 30. Be5 h4 31. h3 g5 32. c4 Qd3 33. Qf3 Qc2 34. Rg2 Qf5 35.
Qh5+ Kf8 36. Qh8+ Kf7 37. Qg7+ Ke8 38. Qg8+ Bf8 39. Kh2 Rxe5 40. Rxg5 Qc2+ 41.
Rg2 Qe4 42. fxe5 Qxe5+ 43. Kh1 Qxe3 44. Qg6+ Ke7 45. Qg5+ Qxg5 46. Rxg5 Ke6 47.
Kg2 Be7 48. Rh5 a5 49. a4 Kd6 50. Kf3 Ke6 51. Ke4 Kd6 52. Rh6+ Kc7 53. Ke5 Bg5
54. Rh7+ Kb6 55. Kf5 Bd8 56. Ke6 Bg5 57. Rh5 Bd8 58. Kd7 Bf6 59. Rh6 1-0

[Event "Hastings Masters 2016-17"]
[Site "Hastings ENG"]
[Date "2017.01.05"]
[Round "9.14"]
[White "Lyell, Mark"]
[Black "Batchelor, Peter J"]
[Result "1-0"]
[WhiteTitle "FM"]
[BlackTitle "FM"]
[WhiteElo "2203"]
[BlackElo "2365"]
[WhiteFideId "402354"]
[BlackFideId "424854"]
[EventDate "2016.12.28"]

1. e4 c6 2. Nf3 d5 3. Nc3 Nf6 4. e5 Ne4 5. d4 Nxc3 6. bxc3 e6 7. Bd3 Be7 8. O-O
b6 9. Qe2 Bb7 10. c4 dxc4 11. Bxc4 O-O 12. Qe4 Ba6 13. Bxa6 Nxa6 14. c4 Qd7 15.
Ng5 Bxg5 16. Bxg5 b5 17. cxb5 cxb5 18. Rab1 Nc7 19. Rb3 Kh8 20. Qh4 f5 21. exf6
g6 22. Bh6 Rf7 23. Bg7+ Rxg7 24. fxg7+ Kxg7 25. a4 a6 26. Qf4 Nd5 27. Qe5+ Kg8
28. axb5 axb5 29. h4 h5 30. Re1 Re8 31. g4 hxg4 32. Re4 Qf7 33. Rxg4 Rf8 34.
Rxg6+ Qxg6+ 35. Rg3 Qxg3+ 36. fxg3 Kf7 37. h5 Rg8 38. h6 Nf6 39. Kg2 b4 40. Qb5
Kg6 41. Qxb4 Kxh6 42. Qe7 Nh5 43. Qxe6+ Rg6 44. Qe3+ Kh7 45. Qe7+ Kg8 46. Qe8+
Kh7 47. Qf7+ Kh6 48. d5 Nxg3 49. d6 Nh5+ 50. Kh2 Nf6 51. d7 Nxd7 52. Qxd7 Rg7
53. Qf5 Rg5 54. Qf8+ Kg6 55. Kh3 Rf5 56. Qe7 Rf7 57. Qe4+ Kg5 58. Kg3 Rf5 59.
Qe7+ Rf6 60. Qe5+ Kg6 61. Kg4 Rf1 62. Qe4+ Kf6 63. Qd4+ Ke7 64. Qc5+ Kf6 65.
Qf8+ 1-0

[Event "Hastings Masters 2016-17"]
[Site "Hastings ENG"]
[Date "2017.01.05"]
[Round "9.15"]
[White "Foo, William J"]
[Black "Bellin, Robert"]
[Result "1/2-1/2"]
[BlackTitle "IM"]
[WhiteElo "2145"]
[BlackElo "2353"]
[WhiteFideId "419753"]
[BlackFideId "400343"]
[EventDate "2016.12.28"]

1. e4 c5 2. Nf3 Nc6 3. d4 cxd4 4. Nxd4 g6 5. c4 Nf6 6. Nc3 d6 7. Be2 Nxd4 8.
Qxd4 Bg7 9. Be3 O-O 10. Qd2 Be6 11. Rc1 Qa5 12. f3 Rfc8 1/2-1/2

[Event "Hastings Masters 2016-17"]
[Site "Hastings ENG"]
[Date "2017.01.05"]
[Round "9.16"]
[White "White, Stuart A"]
[Black "Bates, Richard A"]
[Result "0-1"]
[BlackTitle "IM"]
[WhiteElo "1999"]
[BlackElo "2347"]
[WhiteFideId "407747"]
[BlackFideId "403555"]
[EventDate "2016.12.28"]

1. Nf3 Nf6 2. c4 g6 3. Nc3 Bg7 4. d4 O-O 5. e4 d6 6. h3 a5 7. Bg5 Na6 8. Be2 Qe8
9. g4 c6 10. Qd2 Nc7 11. Be3 b5 12. g5 b4 13. gxf6 bxc3 14. Qxc3 exf6 15. Bd3 d5
16. exd5 cxd5 17. c5 f5 18. O-O-O Ne6 19. Ng5 f4 20. Nxe6 fxe6 21. Bd2 Qa4 22.
Bc2 Qxd4 23. Qa3 Qc4 24. b3 Qd4 25. Bxa5 Qxf2 26. b4 Ba6 27. Ba4 Bc4 28. c6 Rfc8
29. Rd2 Qh4 30. Rc2 Qf6 31. Rd1 f3 32. Qe3 d4 33. Qe4 f2 0-1

[Event "Hastings Masters 2016-17"]
[Site "Hastings ENG"]
[Date "2017.01.05"]
[Round "9.17"]
[White "Boino, Claudio"]
[Black "Webb, Laurence E"]
[Result "1-0"]
[BlackTitle "FM"]
[WhiteElo "2066"]
[BlackElo "2300"]
[WhiteFideId "1901133"]
[BlackFideId "402389"]
[EventDate "2016.12.28"]

1. d4 Nf6 2. Nf3 g6 3. c4 Bg7 4. Nc3 O-O 5. e4 d6 6. Be2 Bg4 7. Be3 Nfd7 8. O-O
c5 9. d5 Na6 10. h3 Bxf3 11. Bxf3 Nc7 12. Be2 a6 13. a4 Rb8 14. Qd2 Re8 15. Kh1
b5 16. cxb5 Bxc3 17. bxc3 axb5 18. axb5 Nxb5 19. f4 Nc7 20. e5 dxe5 21. c4 exf4
22. Rxf4 e5 23. Rff1 Ra8 24. Bg4 Rxa1 25. Rxa1 f5 26. Bg5 Nf6 27. Bf3 Qd6 28.
Ra7 Rf8 29. Qa5 Nfe8 30. Bh6 Rf7 31. Rb7 e4 32. Be2 f4 33. Rb6 Qe5 34. Re6 Nxe6
35. dxe6 Qxe6 36. Bg4 Qc6 37. Qd8 f3 38. Kg1 f2+ 39. Kf1 Qa4 40. Bc1 Qc6 41. Bh6
g5 42. Qxg5+ Ng7 43. Bh5 Qf6 44. Bxf7+ Kxf7 45. Qxg7+ Qxg7 46. Bxg7 Kxg7 47.
Kxf2 Kf6 48. Ke3 Kf5 49. g4+ Ke5 50. h4 h6 51. g5 h5 52. g6 Kf6 53. Kxe4 Kxg6
54. Ke5 1-0

[Event "Hastings Masters 2016-17"]
[Site "Hastings ENG"]
[Date "2017.01.05"]
[Round "9.18"]
[White "Marusenko, Petr"]
[Black "Howell, Oliver W"]
[Result "1-0"]
[WhiteTitle "IM"]
[WhiteElo "2214"]
[BlackElo "1575"]
[WhiteFideId "14100606"]
[BlackFideId "435929"]
[EventDate "2016.12.28"]

1. d4 e6 2. c4 f5 3. g3 Nf6 4. Bg2 Be7 5. Nf3 d6 6. O-O O-O 7. Nc3 Qe8 8. Re1
Nbd7 9. e4 fxe4 10. Ng5 Nb6 11. Ncxe4 h6 12. c5 Nbd5 13. Nxf6+ Nxf6 14. Nxe6
Bxe6 15. Rxe6 Qf7 16. Qb3 d5 17. Re2 Rab8 18. Bf4 Bd8 19. Rae1 Kh7 20. h4 Kh8
21. Re6 g5 22. hxg5 hxg5 23. Bxg5 Ne4 24. Rh6+ Kg8 25. Bf4 Bg5 26. Bxe4 1-0

[Event "Hastings Masters 2016-17"]
[Site "Hastings ENG"]
[Date "2017.01.05"]
[Round "9.19"]
[White "Arkell, Keith C"]
[Black "Thogersen, Rasmus"]
[Result "1/2-1/2"]
[WhiteTitle "GM"]
[WhiteElo "2447"]
[BlackElo "2161"]
[WhiteFideId "400270"]
[BlackFideId "1431412"]
[EventDate "2016.12.28"]

1. d4 Nf6 2. c4 g6 3. Nc3 Bg7 4. g3 O-O 5. Bg2 d6 6. Nf3 Nc6 7. O-O a6 8. Bf4
Rb8 9. a4 h6 10. h3 g5 11. Be3 g4 12. hxg4 Nxg4 13. Bc1 Na5 14. b3 c5 15. Rb1
Bf5 16. e4 Bh7 17. Bb2 f5 18. dxc5 dxc5 19. Nd5 fxe4 20. Bxg7 Kxg7 21. Ng5 hxg5
22. Qxg4 e6 23. Nf4 Bf5 24. Nxe6+ Kf6 25. Qxf5+ Kxf5 26. Nxd8 Rfxd8 27. Rfe1 Rd4
28. Re3 g4 29. Rbe1 Re8 30. f3 gxf3 31. Bxf3 b6 32. Bg2 Nb7 33. Rf1+ Kg5 34. Bh3
Nd6 35. a5 b5 36. cxb5 axb5 37. a6 Rd3 38. Kf2 c4 39. Ra1 c3 40. a7 c2 41. Ke2
Ra8 42. Rxd3 exd3+ 43. Kxd3 Rxa7 44. Rc1 Rc7 45. Bf1 Nf5 46. Rxc2 Rxc2 1/2-1/2